000 00257dam a22001097a 4500
999 _c3010
_d3010
008 190603e1991 mx ||||| |||| 00| 0 spa d
100 _aStein, Jay H.
_91424
245 _aMedicina Interna
250 _a3a ed.
260 _aMexico
_bSalvat
_c1991
500 _aBaja